000 00593nam a2200205 i 4500
001 72308
003 ES-MaACL
005 20250809062550.0
007 t|
008 040830s1966 sp ||||1| spa d
100 1 _aGiner, Salvador.
_957117
245 1 0 _aHistoria del pensamiento social /
_cSalvador Giner.
260 _aBarcelona :
_bAriel,
_c[1966]
300 _aXX, 620 p. ;
_c23 cm.
650 _aPolítica-
_vHistoria.
_9172015
650 4 _aDerecho-
_xFilosofía
_911620
650 0 4 _aEconomía-
_vHistoria.
_912012
852 _aES-MaACL
_jC-32265
_bR.62581
999 _c72308
_d72308